Ibukota Provinsi di Indonesia - Statistics

Statistiche generali
  • Questo quiz è stato fatto 4.743 volte
  • Il punteggio medio è 25 su 34
Statistiche sulle risposte
Provinsi Ibu Kota % Corretto
DKI Jakarta Jakarta
96%
Jawa Barat Bandung
94%
Bali Denpasar
93%
Jawa Timur Surabaya
93%
Sumatera Utara Medan
91%
DI Yogyakarta Yogyakarta
91%
Sumatera Barat Padang
90%
Jawa Tengah Semarang
90%
Jambi Jambi
85%
Sumatera Selatan Palembang
85%
Aceh Banda Aceh
80%
Bengkulu Bengkulu
79%
Banten Serang
78%
Gorontalo Gorontalo
77%
Kalimantan Barat Pontianak
77%
Lampung Bandar Lampung
76%
Sulawesi Selatan Makassar
75%
Riau Pekanbaru
72%
Kalimantan Timur Samarinda
71%
Sulawesi Utara Manado
69%
Sulawesi Tengah Palu
69%
Papua Jayapura
68%
Nusa Tenggara Timur Kupang
67%
Kalimantan Selatan Banjarmasin
66%
Kalimantan Tengah Palangkaraya
65%
Maluku Ambon
64%
Bangka Belitung Pangkal Pinang
64%
Nusa Tenggara Barat Mataram
63%
Kepulauan Riau Tanjung Pinang
61%
Sulawesi Tenggara Kendari
52%
Papua Barat Manokwari
52%
Sulawesi Barat Mamuju
48%
Kalimantan Utara Tanjung Selor
46%
Maluku Utara Sofifi
40%
Nessun quiz corrispondente trovato
Distribuzione punteggi
Percentuale di utenti per punteggio
Percentile per numero di risposta
I tuoi punteggi nel tempo
Non hai fatto questo quiz